[Event "XV Weekend"]
[Site "Cavarzere ITA"]
[Date "2012.10.20"]
[Round "1"]
[White "Bau', Lorenzo"]
[Black "Della Sala, Bruno"]
[WhiteElo "1467"]
[BlackElo "1901"]
[Result "0-1"]
[PlyCount "86"]
[EventDate "2012.10.20"]

1. d4 Nf6 2. c4 c5 3. d5 e6 4. Nc3 exd5 5. cxd5 d6 6. e4 g6 7. Be2 Bg7 8. Bg5
O-O 9. Nf3 a6 10. O-O Re8 11. Re1 Qc7 12. e5 dxe5 13. d6 Qa5 14. Bxf6 Bxf6 15.
Ne4 Bg7 16. Rc1 b6 17. Nfg5 h6 18. Nxf7 Be6 19. Nxh6+ Bxh6 20. Nf6+ Kf7 21.
Nxe8 Bxc1 22. Nc7 Bd2 23. Rf1 Ra7 24. Nxe6 Kxe6 25. Bc4+ Kxd6 26. Qg4 Re7 27.
Qxg6+ Kc7 28. Qf6 Kd7 29. Rd1 b5 30. Be2 e4 31. Bg4+ Ke8 32. Bh5+ Kd7 33. Bg4+
Ke8 34. Kh1 Nd7 35. Qh8+ Kf7 36. h4 Nf6 37. Be2 c4 38. Qc8 Bh6 39. g4 Qc7 40.
Qxa6 Qf4 41. Qxb5 Qxf2 42. Bxc4+ Kg7 43. Qb8 Bf4 0-1

[Event "XV Weekend"]
[Site "Cavarzere ITA"]
[Date "2012.10.20"]
[Round "1"]
[White "Beltrame, Leonardo"]
[Black "Aprile, Martino"]
[WhiteElo "1575"]
[BlackElo "1920"]
[Result "0-1"]
[PlyCount "98"]
[EventDate "2012.10.20"]

1. e4 b6 2. d4 e6 3. Nc3 Bb7 4. Nf3 Bb4 5. Bd3 Nf6 6. Qe2 h6 7. Bd2 a6 8. a3
Be7 9. e5 Nd5 10. Nxd5 exd5 11. O-O c5 12. c3 Nc6 13. Be3 O-O 14. Qd2 d6 15.
Bxh6 f5 16. Bf4 Na5 17. Qc2 Bc8 18. Rae1 c4 19. Be2 Nb7 20. Bd1 g5 21. exd6
Nxd6 22. Bxd6 Bxd6 23. Ne5 Kg7 24. Bh5 Rf6 25. Bf3 Bb8 26. Nxc4 g4 27. Bxd5
Qxd5 28. Ne3 Qd6 29. g3 Ra7 30. f3 Re7 31. Nc4 Qd8 32. fxg4 Rxe1 33. Rxe1 fxg4
34. Qd2 Rf5 35. Ne3 Rf3 36. d5 Qf6 37. Qe2 b5 38. Rf1 Ba7 39. Rxf3 gxf3 40. Qf2
Qb6 41. Qxf3 Qxe3+ 42. Qxe3 Bxe3+ 43. Kg2 Bc1 44. b3 Bxa3 45. Kf3 Kf6 46. Ke4
Bc5 47. g4 Bxg4 48. Kf4 Bd1 49. b4 Bd6+ 0-1

[Event "XV Weekend"]
[Site "Cavarzere ITA"]
[Date "2012.10.20"]
[Round "1"]
[White "Boscolo, Marco"]
[Black "Belloni, Umberto"]
[WhiteElo "2150"]
[BlackElo "1802"]
[Result "1-0"]
[PlyCount "93"]
[EventDate "2012.10.20"]

1. d4 d5 2. Nf3 c6 3. c4 e6 4. e3 f5 5. b3 Bd6 6. g3 Nf6 7. Bg2 Qe7 8. Qc2 Nbd7
9. O-O O-O 10. Bb2 Nh5 11. Nbd2 b6 12. Ne5 Bb7 13. Qd1 Nhf6 14. Nd3 a5 15. a3
Ba6 16. Qc2 b5 17. Rfc1 a4 18. c5 Bc7 19. Nb4 Bb7 20. f3 Nh5 21. Nd3 axb3 22.
Qxb3 Kh8 23. a4 Ba6 24. Nb4 bxa4 25. Qxa4 Bb5 26. Qxa8 Rxa8 27. Rxa8+ Bb8 28.
Bc3 Nhf6 29. Nb3 Qd8 30. Rca1 Ne8 31. R8a3 Qc8 32. Na5 Nf8 33. Bf1 Nc7 34.
Naxc6 Bxf1 35. Kxf1 Nb5 36. Rb3 Nxc3 37. Rxc3 Qb7 38. Ke2 Nd7 39. Kd2 e5 40.
Rb1 exd4 41. exd4 f4 42. g4 Qa8 43. Nxb8 Qxb8 44. c6 Nb6 45. c7 Qe8 46. Nxd5
Nc8 47. Rb8 1-0

[Event "XV Weekend"]
[Site "Cavarzere ITA"]
[Date "2012.10.20"]
[Round "1"]
[White "Bozzao, Francesco"]
[Black "Guerra, Alessandro"]
[WhiteElo "1849"]
[BlackElo "2199"]
[Result "0-1"]
[PlyCount "62"]
[EventDate "2012.10.20"]

1. d4 Nf6 2. Nf3 c5 3. c3 e6 4. e3 b6 5. Bd3 Bb7 6. Nbd2 Nc6 7. O-O d5 8. Qe2
Be7 9. a3 a5 10. b3 O-O 11. Bb2 Re8 12. h3 Bd6 13. c4 e5 14. cxd5 Nxd5 15. Bc4
Nxd4 16. exd4 Nf4 17. Qd1 exd4 18. Re1 Qf6 19. Qc2 Nxh3+ 20. gxh3 Bxf3 21. Nxf3
Qxf3 22. Bf1 Rad8 23. Qd3 Bh2+ 24. Kxh2 Qxf2+ 25. Kh1 Rxe1 26. Rxe1 Qxe1 27.
Qe2 Qxe2 28. Bxe2 Re8 29. Bc4 Re1+ 30. Kh2 Rb1 31. Bxd4 cxd4 0-1

[Event "XV Weekend"]
[Site "Cavarzere ITA"]
[Date "2012.10.20"]
[Round "1"]
[White "Calicchia, Giovanni"]
[Black "Martarello, Andrea"]
[WhiteElo "1885"]
[BlackElo "1467"]
[Result "1-0"]
[PlyCount "41"]
[EventDate "2012.10.20"]

1. e4 e6 2. d4 d5 3. Nc3 c5 4. Nf3 dxe4 5. Nxe4 Nf6 6. Bd3 cxd4 7. Nxf6+ gxf6
8. Nxd4 e5 9. Nf5 e4 10. Bb5+ Bd7 11. Bxd7+ Nxd7 12. O-O Qb6 13. Be3 Qxb2 14.
Bd4 Qb5 15. Qg4 Qd5 16. Rfe1 O-O-O 17. c4 Ne5 18. Ne7+ Kb8 19. Nxd5 Nxg4 20.
Rxe4 f5 21. Rxg4 1-0

[Event "XV Weekend"]
[Site "Cavarzere ITA"]
[Date "2012.10.20"]
[Round "1"]
[White "Cartegni, Aldo"]
[Black "Ballarin, Gabriele"]
[WhiteElo "1448"]
[BlackElo "1877"]
[Result "0-1"]
[PlyCount "44"]
[EventDate "2012.10.20"]

1. d4 d6 2. Nf3 Nf6 3. Nc3 c6 4. e4 Nbd7 5. Bd3 e5 6. dxe5 dxe5 7. Bg5 Be7 8.
Qd2 O-O 9. h4 h6 10. Be3 Ng4 11. g3 Nxe3 12. Qxe3 Bc5 13. Qd2 Qc7 14. h5 Nf6
15. Ng1 Rd8 16. O-O-O b5 17. f3 Be6 18. g4 b4 19. g5 bxc3 20. bxc3 Ba3+ 21. Kb1
Rab8+ 22. Ka1 Bb2+ 0-1

[Event "XV Weekend"]
[Site "Cavarzere ITA"]
[Date "2012.10.20"]
[Round "1"]
[White "De Marchi, Alessandro"]
[Black "Basso, Pier Luigi"]
[WhiteElo "1723"]
[BlackElo "2105"]
[Result "0-1"]
[PlyCount "48"]
[EventDate "2012.10.20"]

1. d4 Nf6 2. g3 e6 3. Bg2 c5 4. e3 Nc6 5. Ne2 d5 6. O-O Be7 7. b3 O-O 8. Bb2 b6
9. c4 Bb7 10. cxd5 Nxd5 11. e4 Nf6 12. dxc5 Bxc5 13. Nbc3 Nb4 14. a3 Nd3 15.
Qc2 Nxf2 16. Rxf2 Ng4 17. Nd1 Rc8 18. Bc3 Ba6 19. Rc1 Qg5 20. b4 Bxf2+ 21. Nxf2
Qe3 22. Bd4 Rxc2 23. Bxe3 Nxe3 24. Rxc2 Nxc2 0-1

[Event "XV Weekend"]
[Site "Cavarzere ITA"]
[Date "2012.10.20"]
[Round "1"]
[White "Del Monaco, Andrea"]
[Black "Bagolin, Renzo"]
[WhiteElo "2275"]
[BlackElo "1869"]
[Result "1-0"]
[PlyCount "77"]
[EventDate "2012.10.20"]

1. d4 d5 2. c4 c6 3. cxd5 cxd5 4. Nc3 Nf6 5. Nf3 e6 6. Bf4 Bd6 7. Bxd6 Qxd6 8.
e3 O-O 9. Bd3 Nc6 10. O-O a6 11. Rc1 b5 12. e4 dxe4 13. Nxe4 Nxe4 14. Bxe4 Bb7
15. Ne5 Nxe5 16. Bxb7 Ra7 17. dxe5 Qxd1 18. Rfxd1 Rxb7 19. Kf1 a5 20. Rd6 a4
21. Ke2 g6 22. Rcc6 Kg7 23. Kd3 g5 24. Kc3 Kg6 25. g4 b4+ 26. Kc4 Rfb8 27. h3
h5 28. Rc5 hxg4 29. hxg4 b3 30. a3 Ra8 31. Kc3 Rba7 32. Rdc6 Rh8 33. Rc8 Rxc8
34. Rxc8 Ra5 35. Kb4 Rxe5 36. Kxa4 Re4+ 37. Kxb3 Rxg4 38. a4 Re4 39. a5 1-0

[Event "XV Weekend"]
[Site "Cavarzere ITA"]
[Date "2012.10.20"]
[Round "1"]
[White "Gallo, Enrico"]
[Black "Ferrari, Carlino"]
[WhiteElo "2099"]
[BlackElo "1720"]
[Result "1-0"]
[PlyCount "35"]
[EventDate "2012.10.20"]

1. e4 c5 2. Nf3 d6 3. d4 cxd4 4. Nxd4 Nf6 5. Nc3 e6 6. Bc4 Be7 7. Be3 Nc6 8.
Qe2 a6 9. O-O-O Qc7 10. Bb3 b5 11. Nxc6 Qxc6 12. g4 O-O 13. g5 Nxe4 14. Nd5 Qb7
15. Rhg1 Nc5 16. Nf6+ Bxf6 17. gxf6 g6 18. Qh5 1-0

[Event "XV Weekend"]
[Site "Cavarzere ITA"]
[Date "2012.10.20"]
[Round "1"]
[White "Giuriato, Sergio"]
[Black "Santagati, Marco"]
[WhiteElo "1981"]
[BlackElo "1599"]
[Result "1-0"]
[PlyCount "119"]
[EventDate "2012.10.20"]

1. d4 e6 2. c4 f5 3. g3 Nf6 4. Bg2 Be7 5. Nf3 d6 6. O-O O-O 7. Nc3 Ne4 8. Qc2
Nxc3 9. Qxc3 Bf6 10. Qc2 Qe8 11. e4 e5 12. dxe5 dxe5 13. exf5 Qh5 14. Be3 Bxf5
15. Qb3 Be6 16. Nd2 Nd7 17. Qxb7 Rab8 18. Qc6 Bh3 19. b3 e4 20. Rab1 Ne5 21.
Qxe4 Bf5 22. Qd5+ Kh8 23. Ne4 c6 24. Qd1 Bg4 25. f3 Bh3 26. Qe2 Rbe8 27. Rbe1
Be7 28. Bd4 Bxg2 29. Kxg2 Bb4 30. Rd1 Kg8 31. Bxe5 Rxe5 32. Rd3 Rfe8 33. Qd1
Qg6 34. Rf2 Rh5 35. Rd8 Rhe5 36. Rxe8+ Rxe8 37. Re2 Rf8 38. Re3 h5 39. h4 Be7
40. Kh2 Rd8 41. Qe2 Kf8 42. Rd3 Re8 43. Qe3 Bd6 44. Qg5 Qxg5 45. hxg5 Be5 46.
Kh3 g6 47. Rd7 Re7 48. Rxe7 Kxe7 49. g4 hxg4+ 50. Kxg4 a5 51. f4 Bb2 52. f5
gxf5+ 53. Kxf5 Kf7 54. g6+ Kg7 55. Nc5 Bc3 56. Ne6+ Kg8 57. Nd8 c5 58. Ne6 Bb4
59. Ke4 Ba3 60. Kd5 1-0

[Event "XV Weekend"]
[Site "Cavarzere ITA"]
[Date "2012.10.20"]
[Round "1"]
[White "Lodici, Lorenzo"]
[Black "Cacco, Christian"]
[WhiteElo "1870"]
[BlackElo "2302"]
[Result "0-1"]
[PlyCount "145"]
[EventDate "2012.10.20"]

1. d4 Nf6 2. c4 c5 3. d5 g6 4. Nc3 d6 5. e4 Bg7 6. Nge2 Na6 7. Ng3 Nc7 8. Be2
a6 9. O-O O-O 10. a4 b6 11. f4 Nd7 12. Be3 Rb8 13. Qd2 Re8 14. h3 Nf8 15. a5 b5
16. Rfb1 bxc4 17. Bxc4 Bd7 18. Na4 Bb5 19. Bxb5 axb5 20. Nc3 b4 21. Nce2 Ra8
22. Qc2 Ra6 23. Nc1 Qd7 24. Nb3 Nb5 25. Kh1 Qb7 26. Qc4 Nd7 27. e5 Nc7 28. Rd1
Qb5 29. Rac1 Qxc4 30. Rxc4 Nb5 31. Ne4 Rb8 32. Kg1 Raa8 33. Rdc1 Bh6 34. exd6
exd6 35. Kf2 f5 36. Ng3 Rc8 37. Rd1 Nf6 38. Kf3 Bf8 39. Nf1 Nc7 40. g4 fxg4+
41. hxg4 Nfxd5 42. Bf2 Bg7 43. Ne3 Nxe3 44. Bxe3 Nb5 45. Rd2 Rc7 46. Bf2 Rf7
47. Ke4 Re7+ 48. Kf3 Ree8 49. f5 Bh6 50. Rd5 Rab8 51. g5 Bxg5 52. fxg6 h6 53.
Nd2 Re6 54. Ne4 Be7 55. Be3 Rxg6 56. Ng3 Nc7 57. Rh5 d5 58. Rg4 Rf8+ 59. Nf5
Bg5 60. Bxg5 hxg5 61. Rgxg5 Rxg5 62. Rxg5+ Kf7 63. Rg7+ Ke6 64. Rxc7 Rxf5+ 65.
Ke3 Kd6 66. Rb7 Re5+ 67. Kd3 c4+ 68. Kd2 Kc5 69. a6 Re6 70. a7 Ra6 71. Ke3 Ra5
72. Rc7+ Kb5 73. Kd2 0-1

[Event "XV Weekend"]
[Site "Cavarzere ITA"]
[Date "2012.10.20"]
[Round "1"]
[White "Loris, Stefano"]
[Black "Bettera, Roberto"]
[WhiteElo "1668"]
[BlackElo "1990"]
[Result "0-1"]
[PlyCount "52"]
[EventDate "2012.10.20"]

1. d4 Nf6 2. c4 g6 3. Nc3 Bg7 4. e4 d6 5. Nf3 O-O 6. Be2 e5 7. d5 a5 8. Qc2 Na6
9. a3 h6 10. O-O Ne8 11. Be3 f5 12. exf5 gxf5 13. h3 f4 14. Bd2 Nc5 15. b4 Bf5
16. Qd1 Nd3 17. bxa5 Nc5 18. Re1 e4 19. Rc1 exf3 20. Bxf3 Nd3 21. Be4 Nxe1 22.
Qxe1 Qg5 23. Bxf5 Qxf5 24. Ne2 f3 25. g4 Qe5 26. Bc3 Qxe2 0-1

[Event "XV Weekend"]
[Site "Cavarzere ITA"]
[Date "2012.10.20"]
[Round "1"]
[White "Luciani, Valerio"]
[Black "Spano, Alfredo"]
[WhiteElo "2206"]
[BlackElo "1851"]
[Result "1-0"]
[PlyCount "45"]
[EventDate "2012.10.20"]

1. d4 d5 2. c4 c6 3. Nc3 Nf6 4. cxd5 cxd5 5. Bf4 Nc6 6. e3 a6 7. Bd3 e6 8. Rc1
Bd6 9. Bxd6 Qxd6 10. f4 b5 11. Nf3 Bb7 12. O-O h6 13. Ne5 Ke7 14. g4 Nd7 15.
Qe1 g5 16. Bxb5 Ncxe5 17. fxe5 Nxe5 18. dxe5 Qxe5 19. Qf2 axb5 20. Qxf7+ Kd8
21. Qxb7 Qxe3+ 22. Kg2 Rc8 23. Qxc8+ 1-0

[Event "XV Weekend"]
[Site "Cavarzere ITA"]
[Date "2012.10.20"]
[Round "1"]
[White "Marchetti, Daniele"]
[Black "Milazzo, Mario"]
[WhiteElo "1712"]
[BlackElo "2075"]
[Result "0-1"]
[PlyCount "64"]
[EventDate "2012.10.20"]

1. d4 f5 2. g3 Nf6 3. Bg2 g6 4. Nf3 Bg7 5. O-O d6 6. c4 O-O 7. Nc3 Qe8 8. Bf4
h6 9. h4 c6 10. Qd2 Kh7 11. Rae1 Nbd7 12. e4 Qf7 13. exf5 gxf5 14. b3 Nh5 15.
Qc1 Nxf4 16. Qxf4 e5 17. dxe5 dxe5 18. Qc1 e4 19. Nd2 Ne5 20. Qc2 Bd7 21. Ncxe4
fxe4 22. Bxe4+ Kh8 23. f4 Ng4 24. Nf3 Qe7 25. Kh1 Qc5 26. Qe2 Rae8 27. Nh2 Nxh2
28. Qxh2 Bg4 29. Qf2 Qxf2 30. Rxf2 Bc3 31. Rff1 Bxe1 32. Rxe1 Rxe4 0-1

[Event "XV Weekend"]
[Site "Cavarzere ITA"]
[Date "2012.10.20"]
[Round "1"]
[White "Negro, Roberto"]
[Black "Desideri, Alessandro"]
[WhiteElo "2106"]
[BlackElo "1800"]
[Result "1-0"]
[PlyCount "135"]
[EventDate "2012.10.20"]

1. d4 f5 2. c4 e6 3. Nf3 Nf6 4. g3 d5 5. Bg2 Bd6 6. O-O c6 7. b3 Qe7 8. Bb2 O-O
9. Ne5 b6 10. a4 a5 11. cxd5 exd5 12. Qc2 Be6 13. Nd2 Rc8 14. Ndf3 Ne4 15. Nh4
g6 16. Rae1 Bb4 17. Rd1 Ra7 18. f3 Ng5 19. Qc1 Nf7 20. e4 Nxe5 21. exf5 g5 22.
fxe6 gxh4 23. dxe5 Bc5+ 24. Bd4 hxg3 25. Qh6 Re8 26. Bh3 Na6 27. Kh1 g2+ 28.
Kxg2 Qg7+ 29. Qxg7+ Rxg7+ 30. Kh1 Bxd4 31. Rxd4 Nc7 32. Rf4 Nxe6 33. Rf6 Ng5
34. Bg2 Rg6 35. Rxg6+ hxg6 36. f4 Ne6 37. Bh3 Nd4 38. Kg2 Nxb3 39. Bd7 Rd8 40.
Bxc6 Nd4 41. Bb7 Nf5 42. Kf3 d4 43. Rd1 Ne3 44. Rd3 Kf7 45. Ke4 Nf5 46. Rb3 Rh8
47. h3 Rh7 48. Bc8 Ne7 49. Bg4 Nc6 50. Rxb6 Nb4 51. Rb7+ Kg8 52. Rxh7 Kxh7 53.
Kxd4 Kg7 54. h4 Kf7 55. h5 gxh5 56. Bxh5+ Ke6 57. Bg4+ Ke7 58. f5 Nc6+ 59. Kd5
Nb4+ 60. Ke4 Na6 61. f6+ Kf8 62. Kf5 Nc7 63. e6 Kg8 64. e7 Ne8 65. Kg6 Nd6 66.
Bd7 Kh8 67. e8=Q+ Nxe8 68. f7 1-0

[Event "XV Weekend"]
[Site "Cavarzere ITA"]
[Date "2012.10.20"]
[Round "1"]
[White "Ravagnani, Tiziano"]
[Black "Desideri, Pietro"]
[WhiteElo "1994"]
[BlackElo "1688"]
[Result "1-0"]
[PlyCount "51"]
[EventDate "2012.10.20"]

1. e4 c5 2. Nf3 d6 3. d4 cxd4 4. Nxd4 Nf6 5. Nc3 g6 6. Be3 a6 7. Be2 Nbd7 8. f4
e5 9. Nb3 exf4 10. Bxf4 Qc7 11. O-O b5 12. Qd4 Ne5 13. Rad1 Bb7 14. Bxb5+ axb5
15. Nxb5 Qc6 16. Bxe5 dxe5 17. Qxe5+ Be7 18. Nd6+ Kf8 19. Rxf6 Bxd6 20. Rfxd6
Qc7 21. Qxh8+ Ke7 22. Qe5+ Kf8 23. Nc5 Re8 24. Qh8+ Ke7 25. Rd7+ Qxd7 26. Rxd7#
1-0

[Event "XV Weekend"]
[Site "Cavarzere ITA"]
[Date "2012.10.20"]
[Round "1"]
[White "Rosina, Graziano"]
[Black "Mosca, Leonildo"]
[WhiteElo "1801"]
[BlackElo "2116"]
[Result "0-1"]
[PlyCount "112"]
[EventDate "2012.10.20"]

1. Nf3 Nf6 2. c4 c5 3. Nc3 d5 4. cxd5 Nxd5 5. g3 e6 6. Bg2 Be7 7. O-O O-O 8.
Ne5 Bf6 9. Ng4 Be7 10. Qb3 Nc6 11. Ne3 Nd4 12. Qd1 Nc7 13. Nc4 Rb8 14. d3 b5
15. Ne5 f6 16. Nc6 Nxc6 17. Bxc6 Bb7 18. Bxb7 Rxb7 19. Be3 Nd5 20. Qd2 Qd7 21.
Nxd5 exd5 22. d4 c4 23. a3 Ra8 24. Qc2 a5 25. Bd2 Rba7 26. b3 Rc8 27. b4 c3 28.
Be3 axb4 29. axb4 Bxb4 30. Qb3 Rc4 31. Ra2 Ra4 32. Rfa1 Rxa2 33. Rxa2 Qc6 34.
Qc2 Bf8 35. h4 b4 36. h5 Qb7 37. Qb3 Qc6 38. Qc2 Qe6 39. Ra7 Qb6 40. Qa4 Rc7
41. Ra6 Qb7 42. Qa5 Rd7 43. Rb6 Qc7 44. Qb5 Rd8 45. Rc6 Qd7 46. Qa6 Rb8 47. Bf4
Re8 48. Rc7 Qe6 49. Qb7 Re7 50. Rxe7 Bxe7 51. h6 Qf7 52. Qa8+ Bf8 53. Bd6 c2
54. Qc8 c1=Q+ 55. Qxc1 Bxd6 56. Qc8+ Bf8 0-1

[Event "XV Weekend"]
[Site "Cavarzere ITA"]
[Date "2012.10.20"]
[Round "1"]
[White "Rossi, Gianni"]
[Black "Xia, Jie"]
[WhiteElo "1862"]
[BlackElo "2243"]
[Result "0-1"]
[PlyCount "68"]
[EventDate "2012.10.20"]

1. d4 d6 2. Nf3 Nf6 3. e3 g6 4. b3 Bg7 5. Bb2 O-O 6. Bc4 Nc6 7. O-O e5 8. Nbd2
e4 9. Ng5 d5 10. Be2 h6 11. Nh3 Bxh3 12. gxh3 Nh7 13. c4 dxc4 14. Bxc4 Ng5 15.
Qg4 Ne5 16. dxe5 Qxd2 17. Ba3 Rfe8 18. h4 Nf3+ 19. Kh1 Nxe5 20. Qd1 Nxc4 21.
bxc4 Qc3 22. Qa4 Qf6 23. Qd1 Qxa1 24. Qxa1 Bxa1 25. Rxa1 Rad8 26. Kg2 f5 27.
Rb1 b6 28. Rb2 Rd3 29. Bb4 c5 30. Be1 Red8 31. a4 Ra3 32. a5 Rd1 33. Bd2 Rd3
34. axb6 axb6 0-1

[Event "XV Weekend"]
[Site "Cavarzere ITA"]
[Date "2012.10.20"]
[Round "1"]
[White "Zanirato, Stefano"]
[Black "Desideri, Leonardo"]
[WhiteElo "1914"]
[BlackElo "1523"]
[Result "1-0"]
[PlyCount "111"]
[EventDate "2012.10.20"]

1. e4 c5 2. Nf3 d6 3. Bb5+ Bd7 4. Bxd7+ Nxd7 5. O-O Ngf6 6. d3 g6 7. c4 Bg7 8.
Nc3 e6 9. Bg5 a6 10. Rb1 Qc7 11. Qc1 Ne5 12. Nxe5 dxe5 13. b4 Nd7 14. b5 O-O
15. Bh6 Rfd8 16. Bxg7 Kxg7 17. Qb2 Nf6 18. Rfd1 Rd7 19. bxa6 bxa6 20. Kf1 Rad8
21. Ke2 Nh5 22. g3 Qd6 23. Na4 Qd4 24. Qxd4 cxd4 25. Rb6 Ra7 26. c5 Nf6 27. c6
Ne8 28. Rdb1 Nd6 29. Nc5 Nb5 30. Kd2 Rc8 31. a4 Nc3 32. R1b3 Rac7 33. a5 Rxc6
34. Nxa6 Na4 35. Rxc6 Rxc6 36. Nb8 Rc5 37. a6 Ra5 38. Ra3 Rb5 39. Rxa4 Rxb8 40.
Kc2 Kf8 41. Rc4 Ke7 42. a7 Ra8 43. Rc7+ Kd6 44. Rxf7 h6 45. Kb3 Kc6 46. Kb4 Kb6
47. Re7 Rxa7 48. Rxe6+ Kc7 49. Re7+ Kb8 50. Rxa7 Kxa7 51. Kc5 Kb7 52. Kd5 Kc7
53. Kxe5 Kd7 54. Kxd4 Ke6 55. f4 g5 56. f5+ 1-0

[Event "XV Weekend"]
[Site "Cavarzere ITA"]
[Date "2012.10.21"]
[Round "2"]
[White "Aprile, Martino"]
[Black "Boscolo, Marco"]
[WhiteElo "1920"]
[BlackElo "2150"]
[Result "0-1"]
[PlyCount "70"]
[EventDate "2012.10.20"]

1. e4 d6 2. d4 Nf6 3. Nc3 e5 4. dxe5 dxe5 5. Qxd8+ Kxd8 6. Bc4 Ke8 7. Nf3 Bd6
8. Bg5 Nbd7 9. O-O-O a6 10. h3 b5 11. Bd3 Bb7 12. Rhe1 h6 13. Bh4 Kf8 14. Nh2
g6 15. f3 Kg7 16. Rd2 Nh5 17. Ne2 Nc5 18. g4 Nf6 19. Nf1 Ne6 20. c3 h5 21. Bg3
hxg4 22. hxg4 Ng5 23. Ng1 Rh1 24. Nh2 Rh8 25. Kc2 Nd7 26. Rg2 Nc5 27. b4 Nce6
28. Rd1 Kf8 29. Ne2 Rxd1 30. Kxd1 c5 31. a3 Ke7 32. Bf2 Rd8 33. Kc2 c4 34. Bxc4
bxc4 35. Bb6 Rb8 0-1

[Event "XV Weekend"]
[Site "Cavarzere ITA"]
[Date "2012.10.21"]
[Round "2"]
[White "Bagolin, Renzo"]
[Black "Marchetti, Daniele"]
[WhiteElo "1869"]
[BlackElo "1712"]
[Result "1-0"]
[PlyCount "61"]
[EventDate "2012.10.20"]

1. c4 e5 2. g3 g6 3. Bg2 Bg7 4. Nc3 Nf6 5. e3 O-O 6. Nge2 c6 7. d4 exd4 8. exd4
d5 9. cxd5 cxd5 10. O-O Nc6 11. Bg5 Ne7 12. Qd2 Qd6 13. Bh6 b6 14. Bxg7 Kxg7
15. Rfe1 Bb7 16. Rac1 Rac8 17. Bh3 Ra8 18. Nb5 Qd8 19. Qf4 Ne8 20. Nc7 Nxc7 21.
Qxc7 Bc8 22. Bg2 Be6 23. Qe5+ Kg8 24. Nf4 Qd7 25. Nxe6 fxe6 26. Qxe6+ Qxe6 27.
Rxe6 Kf7 28. Rce1 Rfe8 29. Rxe7+ Rxe7 30. Bxd5+ Kf6 31. Rxe7 1-0

[Event "XV Weekend"]
[Site "Cavarzere ITA"]
[Date "2012.10.21"]
[Round "2"]
[White "Ballarin, Gabriele"]
[Black "Lodici, Lorenzo"]
[WhiteElo "1877"]
[BlackElo "1870"]
[Result "1/2-1/2"]
[PlyCount "50"]
[EventDate "2012.10.20"]

1. e4 c5 2. Be2 Nc6 3. c3 e5 4. d3 Nf6 5. f4 d6 6. Na3 Be7 7. Nf3 a6 8. O-O b5
9. Nc2 h6 10. Qe1 O-O 11. h3 Kh7 12. g4 g6 13. Qg3 Qc7 14. fxe5 dxe5 15. Ne3
Be6 16. Ng2 Rh8 17. Be3 Rad8 18. Nfe1 c4 19. g5 hxg5 20. Bxg5 Kg7 21. h4 cxd3
22. Bxd3 Ng4 23. Bxe7 Qxe7 24. Rf3 Qc5+ 25. Kf1 a5 1/2-1/2

[Event "XV Weekend"]
[Site "Cavarzere ITA"]
[Date "2012.10.21"]
[Round "2"]
[White "Basso, Pier Luigi"]
[Black "Calicchia, Giovanni"]
[WhiteElo "2105"]
[BlackElo "1885"]
[Result "1-0"]
[PlyCount "59"]
[EventDate "2012.10.20"]

1. e4 c5 2. Nf3 Nc6 3. d4 cxd4 4. Nxd4 Qc7 5. Nxc6 dxc6 6. Bc4 Nf6 7. Qe2 e5 8.
O-O Be7 9. h3 b5 10. Bd3 a6 11. a4 b4 12. Nd2 a5 13. Nc4 O-O 14. f4 Bc5+ 15.
Kh1 Nd7 16. fxe5 Nxe5 17. Bf4 Bd4 18. Qh5 f6 19. Bxe5 Bxe5 20. Nxe5 g6 21. Nxg6
hxg6 22. Qxg6+ Qg7 23. Qxg7+ Kxg7 24. e5 fxe5 25. Rxf8 Kxf8 26. Re1 Be6 27.
Rxe5 Kf7 28. Rc5 Bd5 29. Bc4 Ke6 30. Rxc6+ 1-0

[Event "XV Weekend"]
[Site "Cavarzere ITA"]
[Date "2012.10.21"]
[Round "2"]
[White "Belloni, Umberto"]
[Black "Beltrame, Leonardo"]
[WhiteElo "1802"]
[BlackElo "1575"]
[Result "1-0"]
[PlyCount "107"]
[EventDate "2012.10.20"]

1. d4 Nf6 2. Bg5 g6 3. Nd2 Bg7 4. e3 d6 5. Bxf6 Bxf6 6. Bd3 Nd7 7. c3 O-O 8.
Qc2 e5 9. Ne2 Bg7 10. Qb3 Kh8 11. h4 f5 12. h5 gxh5 13. Ng3 e4 14. Be2 h4 15.
Nh5 Qg5 16. Nf4 Nb6 17. O-O-O Bd7 18. Rdg1 Qe7 19. g3 Bh6 20. Rxh4 Bxf4 21.
Rxf4 Be6 22. c4 a5 23. a3 Bd7 24. Rh1 Ba4 25. Qc3 Qg7 26. b3 Bd7 27. Kb2 c5 28.
d5 Qxc3+ 29. Kxc3 a4 30. b4 cxb4+ 31. Kxb4 Nc8 32. Nxe4 Kg7 33. Ng5 h6 34. Nf3
Ne7 35. Rfh4 Rh8 36. Nd4 Ng6 37. Rh5 Ne7 38. Bd3 Raf8 39. Nb5 Be8 40. R5h2 Bxb5
41. Kxb5 Ng6 42. Kxa4 Ne5 43. Be2 Rc8 44. Kb4 Kg6 45. f4 Nd7 46. Bd3 Nc5 47.
Bc2 Rce8 48. g4 Na6+ 49. Kb5 Nc7+ 50. Kb6 Na8+ 51. Kxb7 Rh7+ 52. Kc6 Rc7+ 53.
Kxd6 Rd8+ 54. Ke5 1-0

[Event "XV Weekend"]
[Site "Cavarzere ITA"]
[Date "2012.10.21"]
[Round "2"]
[White "Bettera, Roberto"]
[Black "Luciani, Valerio"]
[WhiteElo "1990"]
[BlackElo "2206"]
[Result "1/2-1/2"]
[PlyCount "55"]
[EventDate "2012.10.20"]

1. d4 d5 2. Nf3 Nf6 3. e3 Bg4 4. c4 c6 5. cxd5 cxd5 6. Qa4+ Bd7 7. Qb3 Qc8 8.
Nc3 e6 9. Ne5 Nc6 10. f4 Be7 11. Bd3 O-O 12. O-O Na5 13. Qd1 a6 14. Bd2 b5 15.
Rc1 Nc4 16. b3 Ba3 17. bxc4 Bxc1 18. Bxc1 dxc4 19. Bb1 Rb8 20. Rf3 g6 21. Rh3
Kg7 22. g4 b4 23. g5 bxc3 24. gxf6+ Kxf6 25. Qe1 Rxb1 26. Qh4+ Kg7 27. Qh6+ Kf6
28. Qh4+ 1/2-1/2

[Event "XV Weekend"]
[Site "Cavarzere ITA"]
[Date "2012.10.21"]
[Round "2"]
[White "Cacco, Christian"]
[Black "Gallo, Enrico"]
[WhiteElo "2302"]
[BlackElo "2099"]
[Result "1-0"]
[PlyCount "141"]
[EventDate "2012.10.20"]

1. d4 Nf6 2. Nf3 e6 3. c4 c5 4. Nc3 cxd4 5. Nxd4 Nc6 6. Nc2 Bc5 7. e3 O-O 8.
Be2 d5 9. O-O dxc4 10. Bxc4 a6 11. Be2 b5 12. Qxd8 Rxd8 13. Bf3 Bb7 14. b3 Rac8
15. Bb2 Rc7 16. Rad1 Rcd7 17. Rxd7 Rxd7 18. Rd1 Rxd1+ 19. Nxd1 Nd8 20. Be2 Ne4
21. f3 Nd6 22. Kf1 f6 23. Ke1 Kf7 24. Kd2 e5 25. Nf2 Ne6 26. Nd3 Bb6 27. e4 a5
28. Bf1 Ke7 29. Ne3 Kd7 30. Nd1 Bc6 31. Ke1 Nb7 32. Bc1 Nd4 33. Ne3 g6 34. Bd2
Ke6 35. Nb2 f5 36. exf5+ gxf5 37. Kd1 e4 38. f4 Be8 39. Kc1 Bc7 40. Nc2 Nxc2
41. Kxc2 Bb6 42. Nd1 Kd6 43. Be3 Bxe3 44. Nxe3 Bd7 45. Be2 Nc5 46. g3 Kc6 47.
Kc3 Na6 48. Kd4 Kd6 49. a3 Nb8 50. Kc3 Na6 51. a4 Nc7 52. Bxb5 Nxb5+ 53. axb5
Kc5 54. b6 Kxb6 55. Nd5+ Kc5 56. Nf6 Bb5 57. Nxh7 e3 58. Ng5 e2 59. Nf3 Be8 60.
h3 Bh5 61. Ne1 Kb5 62. Nc2 Kc5 63. Kd2 Bf7 64. Kc3 Kd5 65. Kd3 Kc5 66. Kxe2
Bxb3 67. Kd3 Bd5 68. Ne3 Be4+ 69. Kc3 a4 70. h4 a3 71. h5 1-0

[Event "XV Weekend"]
[Site "Cavarzere ITA"]
[Date "2012.10.21"]
[Round "2"]
[White "Della Sala, Bruno"]
[Black "Negro, Roberto"]
[WhiteElo "1901"]
[BlackElo "2106"]
[Result "0-1"]
[PlyCount "88"]
[EventDate "2012.10.20"]

1. d4 Nf6 2. Nf3 c5 3. d5 g6 4. c4 b5 5. cxb5 a6 6. b6 Qxb6 7. Nc3 Bg7 8. e4 d6
9. Be2 O-O 10. O-O Nbd7 11. h3 Ne8 12. Qc2 Nc7 13. a4 Rb8 14. Rb1 f5 15. Bg5
fxe4 16. Nd2 Nf6 17. Ndxe4 Nxe4 18. Nxe4 Rf7 19. Nc3 Qb3 20. Bd1 Qb4 21. Be2
Bf5 22. Bd3 Bxd3 23. Qxd3 Qd4 24. Qc2 Nxd5 25. Rfd1 Nb4 26. Rxd4 Nxc2 27. Rd2
Nd4 28. Re1 e5 29. Ne4 h6 30. Be3 Rb6 31. a5 Rc6 32. b4 cxb4 33. Bxd4 exd4 34.
Rb1 d5 35. Ng3 Rb7 36. Ne2 Rc4 37. Nf4 Rb5 38. Nd3 b3 39. Nc1 Rxa5 40. Nxb3 Rb5
41. Rdd1 Rc2 42. Na1 Rcb2 43. Rbc1 a5 44. Re1 d3 0-1